| 000 | aam a22 a 4500 | ||
|---|---|---|---|
| 999 |
_c322736 _d322736 |
||
| 003 | BLK | ||
| 005 | 20210510084118.0 | ||
| 008 | 181012b bu ||||| |||| 00| 0 bu d | ||
| 020 | _a978-954-26-1811-9 | ||
| 040 | _aBLK | ||
| 041 |
_aBUL _cBUL |
||
| 080 |
_aСоциалистическа демокрация. Диктатура на пролетариата. Съветска форма на социалистическа държава. Народна демокрация _b321.74 |
||
| 080 |
_aИстория на Русия и СССР. Вж и 936 ; 957 _b94(470) _z94(470) |
||
| 100 | 1 |
_aСтариков, Николай Викторович _eпърви автор _91299 |
|
| 139 |
_aСтариков, Николай Викторович _bС 71 |
||
| 240 | _aЛиквидация России | ||
| 245 |
_aЛиквидирането на Русия _bКой помогна на червените да победят в Гражданската война? |
||
| 260 |
_bХермес _c2018 _9209439 _aПловдив _f"Алианс Принт" ЕООД |
||
| 300 |
_a400 с. _c21 см |
||
| 380 | _a3 | ||
| 500 | _aОриг. загл.: Ликвидация России / Николай Викторович Стариков Библиогр.: с. 395-398 | ||
| 650 | 0 |
_9390904 _aЧуждестранна военна интервенция и гражданска война в Русия - история |
|
| 653 | 7 |
_9195884 _aРусия |
|
| 653 | 7 |
_9195888 _aруска история |
|
| 700 |
_9371006 _aМитева, Ива Николова _eпрев. от рус. _gНиколова, Ива Николова |
||
| 700 |
_9639 _aАна Цанкова _eкомпютърна обраб. |
||
| 700 |
_9390420 _aАтанаска Парпулева _eкор. |
||
| 700 |
_91311 _aАтанасова, Даниела _eред. |
||
| 852 |
_aЦб 291827 _bП _cП 32/С 71 |
||
| 942 |
_cKNG _2udc _n0 _015 |
||
| 944 |
_aED _c2018-11-22 _kТони Тончев _l2018-11-22 |
||
| 999 | _d322736 | ||
| 999 | _d322736 | ||
| 999 | _d322736 | ||
| 999 | _d322736 | ||
| 999 | _d322736 | ||
| 999 | _d322736 | ||